| 000 | 00748nam a2200265Ia 4500 | ||
|---|---|---|---|
| 003 | OSt | ||
| 005 | 20220926022949.0 | ||
| 006 | a|||||r|||| 00| 0 | ||
| 007 | ta | ||
| 008 | 220923b |||||||| |||| 00| 0 eng d | ||
| 020 | _a471 10585 6 | ||
| 037 | _cGeneral Book | ||
| 040 |
_aRTL _cRTL _beng |
||
| 041 |
_2eng _aeng |
||
| 082 | _aB2891, L0 | ||
| 100 |
_aBrockett Roger W _9328510 |
||
| 245 | 0 | _aFinite dimensional linear systems | |
| 260 |
_aNew York _bWiley _c1970 |
||
| 300 |
_axii,244p. _ccm. |
||
| 490 | _awiley Decision and Control Series. Ed by A Horward | ||
| 500 | _aBibiliography 235-38 | ||
| 650 | _aLinear Programming | ||
| 942 |
_hB2891, L0 _cGB _2CC |
||
| 999 |
_c640686 _d640686 |
||